| 000 | 03470nam a22004217a 4500 | ||
|---|---|---|---|
| 005 | 20091216144953.0 | ||
| 008 | 091215t xxu||||| |||| 00| 0 eng d | ||
| 010 | _aB-383757-771 | ||
| 020 |
_a9781407525266 _c695.00 |
||
| 035 | _aB-383757-771 | ||
| 037 | _bParragon | ||
| 040 |
_adpl _bEnglish |
||
| 082 | _a910 | ||
| 100 | _aGenzmer, Herbert | ||
| 245 |
_aQuestions & answers countries & continents: _cby Herbert Genzmer [and] Christian Schutz _bthe countries and continents on Earth / |
||
| 260 |
_aBath _bParragon _c2008 |
||
| 270 |
_aQueen Street House, 4 Queen Street _bBath |
||
| 300 |
_a320p.: _bcol. photos _c29cm(Hb) |
||
| 500 | _aIncludes glossary and index | ||
| 700 | _aSchutz, Christian | ||
| 942 |
_2ddc _cCH _mGEN _h910 |
||
| 999 |
_c33012 _d33012 |
||